Cuba: un análisis social, económico y político actual /

Furkejuvvon:
Bibliográfalaš dieđut
Váldodahkki: Roque Cabello, Martha Beatriz
Materiálatiipa: Texto
Fáddágilkorat: Lasit fáddágilkoriid
Eai fáddágilkorat, Lasit vuosttaš fáddágilkora!

MARC

LEADER 00000 a a2200000 04500
001 9735
003
040
100 |a Roque Cabello, Martha Beatriz  
245 |a Cuba:   |b un análisis social, económico y político actual /  |c Martha Beatriz Roque Cabello 
773 |g número 1; páginas 4-11  
999 |c 36799  |d 36799